000 00620nam a2200229 i 4500
001 22398
003 ES-MaACL
005 20250822062543.0
007 t|
008 021202s1978 sp ||||1| spa d
020 _a84-7121-106-8
080 _a159.9
100 1 _aAlonso-Fernández, Francisco.
_920309
245 1 0 _aPsicología médica y social /
_cFrancisco Alonso-Fernández.
250 _a4ª ed.
260 _aMadrid :
_bPaz Montalvo,
_c1978.
300 _a694 p. ;
_c24 cm.
650 7 _aPsicología
_2embne
_916540
852 4 _aES-MaACL
_jA-9692
852 4 _aES-MaACL
_jL-2735
999 _c22398
_d22398